Better police ethics : (Record no. 3498)

MARC details
000 -LEADER
fixed length control field 00721nam a2200169Ia 4500
020 ## - INTERNATIONAL STANDARD BOOK NUMBER
ISBN 0749421649
020 ## - INTERNATIONAL STANDARD BOOK NUMBER
ISBN 9780749421649
050 ## - CALL NUMBER
Classification number HV7924
Item number .V71
100 1# - AUTHOR
Personal name Villiers, Peter.
245 10 - TITLE
Title Better police ethics :
Remainder of title a practical guide /
Statement of responsibility, etc Peter Villiers.
260 ## - PUBLICATION INFORMATION
Place of publication London :
Name of publisher Kogan Page,
Year of publication 1997.
300 ## - DESCRIPTION
Number of Pages 224 pages.
Dimensions 23cm.
500 ## - NOTES
General note Index.
505 ## - FORMATTED CONTENTS NOTE
Table of Content The pressures of police work<br/>The fundamentals of ethics<br/>The moral pressures involved in the investigation of crime<br/>A short history of police ethics<br/>Adopting and using a code of ethics <br/>Logic and its uses<br/>Cases studies<br/>Policing protest and dissent<br/>The religious dimension<br/>Putting it together<br/>
650 #0 - SUBJECTS
Topical Term Police ethics.
942 ## - ADDED ENTRY ELEMENTS (KOHA)
Koha item type Books
Holdings
Withdrawn status Lost status Collection code Home library Current library Shelving location Date acquired Full call number Accession Number Koha item type
    Reference Methodist University Library Main Methodist University Library Main General Stacks   HV7924 .V71 30237 Books
    Reference Methodist University Library Main Methodist University Library Main General Stacks   HV7924 .V71 9780749421649 Books
Copyright © 2026  MUG Library